Personnalités belges - Mort subite - Statistiques

Statistiques générales
  • Ce quiz a été pris 24 679 fois
    24 368 depuis la dernière actualisation
  • Le résultat moyen est 6 sur 20
Answers on the Grid
Answers color-coded by a green-red scale on the quiz's grid according to % correct below.
Vercingétorix
Louane
Catherine Deneuve
Maurice Ravel
Jérôme Commandeur
Erasme
Mathieu van der Poel
Rémi Gaillard
Anne Roumanoff
Albert Uderzo
Amixem
Eddie Van Halen
Mylène Farmer
Dany Boon
Zep
Bernard Arnault
François Damiens
Jean-Claude Van Damme
Sœur Sourire
Cécile de France
Lotte Kopecky
Benoît Poelvoorde
Hergé
Philippe Geluck
Amélie Nothomb
Justine Henin
Eden Hazard
Ambiorix
Axelle Red
Peyo
Angèle
René Magritte
Eddy Merckx
Jacques Brel
Annie Cordy
Damso
 
Statistiques - réponses
Réponse % Correct
Angèle
58%
Damso
47%
Jean-Claude Van Damme
46%
Eden Hazard
45%
François Damiens
45%
Benoît Poelvoorde
41%
Hergé
39%
Jacques Brel
39%
Eddy Merckx
30%
Philippe Geluck
25%
René Magritte
25%
Axelle Red
24%
Amélie Nothomb
23%
Cécile de France
20%
Justine Henin
20%
Annie Cordy
19%
Peyo
15%
Lotte Kopecky
12%
Sœur Sourire
8%
Ambiorix
4%
Aucun quiz correspondant
Distribution des résultats
% des personnes avec chaque résultat
Percentile par nombre de réponses
Votre historique - résultats
Vous n’avez pas pris ce quiz depuis la dernière actualisation